[Event "Porsgrunn U18"]
[Site "Porsgrunn"]
[Date "1996.??.??"]
[Round "?"]
[White "Arbelind, Mikael"]
[Black "Leer Salvesen, Bjarte"]
[Result "1-0"]
[WhiteElo "2185"]
[BlackElo "1765"]
[PlyCount "77"]
[EventDate "1996.??.??"]
[EventType "swiss"]
[EventRounds "9"]
[EventCountry "NOR"]
[SourceTitle "EXT 2006"]
[Source "ChessBase"]
[SourceDate "2005.11.24"]
[SourceVersion "1"]
[SourceVersionDate "2005.11.24"]
[SourceQuality "1"]

1. d4 d5 2. c4 dxc4 3. Nf3 Nf6 4. e3 Bg4 5. Bxc4 e6 6. h3 Bh5 7. Nc3 Nbd7 8. 0-0 Bd6 9. e4 e5 10. Be2 Bg6 11. Bg5 0-0 12. Re1 Re8 13. d5 Be7 14. Bb5 a6 15. Bxd7 Nxd7 16. Bxe7 Qxe7 17. Nd2 Rad8 18. Qe2 Kh8 19. Nc4 Qc5 20. Rac1 Nb6 21. Nxb6 Qxb6 22. Na4 Qd6 23. Qc2 Re7 24. g4 f6 25. Qb3 Rb8 26. f3 Bf7 27. Qe3 Ra8 28. Red1 Be8 29. Nc5 Rb8 30. Nd3 g5 31. Qc5 Bb5 32. Qxd6 cxd6 33. Ne1 b6 34. Rc3 Rbb7 35. Rdc1 Kg7 36. Ng2 Be8 37. Ne3 Bg6 38. Rc6 Be8 39. Nf5+ 1-0

[Event "Porsgrunn U18"]
[Site "Porsgrunn"]
[Date "1996.??.??"]
[Round "?"]
[White "Moberg, Karl Johan"]
[Black "Arbelind, Mikael"]
[Result "1-0"]
[WhiteElo "2180"]
[BlackElo "2185"]
[PlyCount "39"]
[EventDate "1996.??.??"]
[EventType "swiss"]
[EventRounds "9"]
[EventCountry "NOR"]
[SourceTitle "EXT 2006"]
[Source "ChessBase"]
[SourceDate "2005.11.24"]
[SourceVersion "1"]
[SourceVersionDate "2005.11.24"]
[SourceQuality "1"]

1. e4 e6 2. d4 d5 3. Nc3 Bb4 4. e5 c5 5. a3 Bxc3+ 6. bxc3 Qc7 7. Nf3 Ne7 8. a4 Nbc6 9. Bb5 a6 10. Bd3 cxd4 11. cxd4 Nxd4 12. Bb2 Nxf3+ 13. Qxf3 Qa5+ 14. Ke2 Bd7 15. Rhb1 Ng6 16. Bd4 Bc6 17. Bxg6 hxg6 18. Bb6 Qxa4 19. Rxa4 Bxa4 20. Qa3 1-0